Über Erfahrungen beim Vollzug der unbestimmten Jugendstrafe

Gespeichert in:  
Bibliographische Detailangaben
1. VerfasserIn: Müller, Josef (Verfasst von)
Medienart: Druck Aufsatz
Sprache:Deutsch
Veröffentlicht: [S.l.] [ca. 1956]
In: Schriften des Fliedner-Vereins (11)
Jahr: 1956
Bestand in Albert-Krebs Bibliothek:PF.10.011
2014-65
Verfügbarkeit prüfen: HBZ Gateway
Subito Bestelldienst: Jetzt bestellen.
Schlagwörter:

MARC

LEADER 00000cam a22000002c 4500
001 251790495
003 DE-627
005 20230413224615.0
007 tu
008 981126s1956 xx ||||| 00| ||ger c
035 |a (DE-627)251790495 
035 |a (DE-576)9251790493 
035 |a (DE-599)GBV251790495 
035 |a (OCoLC)833449337 
040 |a DE-627  |b ger  |c DE-627  |e rakwb 
041 |a ger 
084 |a 2,1  |2 ssgn 
100 1 |a Müller, Josef  |4 aut 
109 |a Müller, Josef 
245 1 0 |a Über Erfahrungen beim Vollzug der unbestimmten Jugendstrafe  |c Josef Müller 
264 1 |a [S.l.]  |c [ca. 1956] 
300 |a 15 S 
336 |a Text  |b txt  |2 rdacontent 
337 |a ohne Hilfsmittel zu benutzen  |b n  |2 rdamedia 
338 |a Band  |b nc  |2 rdacarrier 
490 1 |a Schriften des Fliedner-Vereins Rockenberg  |v 11 
500 |a Aus: Recht der Jugend, Jg. 4, Heft 5 
650 0 7 |0 (DE-588)4028944-8  |0 (DE-627)106276417  |0 (DE-576)208980172  |a Jugendstrafvollzug  |2 gnd 
650 4 |a Jugendstrafe  |x Vollstreckung  |7 (dpeaa)DE-2619 
773 0 8 |i Sonderdruck aus  |a Recht der Jugend, 1956, 4,5 
810 2 |a Fliedner-Verein Rockenberg  |t Schriften des Fliedner-Vereins  |v 11  |9 11  |w (DE-627)169444848  |w (DE-576)049295381  |w (DE-600)986981-5  |7 am 
889 |w (DE-627)1818605074 
935 |a mkri 
935 |c so 
951 |a BO 
ELC |b 1 
LOK |0 000 xxxxxcx a22 zn 4500 
LOK |0 001 419623268X 
LOK |0 003 DE-627 
LOK |0 004 251790495 
LOK |0 005 20221114204513 
LOK |0 008 221011||||||||||||||||ger||||||| 
LOK |0 035   |a (DE-2619)k04182 
LOK |0 040   |a DE-2619  |c DE-627  |d DE-2619 
LOK |0 092   |o n 
LOK |0 541   |e Bestand Albert-Krebs-Bibliothek: 2014-65 
LOK |0 852   |a DE-2619 
LOK |0 852 1  |c PF.10.011  |m p  |9 00 
LOK |0 935   |a kreb 
LOK |0 938   |k p 
LOK |0 939   |a 11-10-22  |b l01 
ORI |a SA-MARC-krimdoka001.raw